People by native language - Statistics

General Stats
  • This quiz has been taken 566 times
  • The average score is 13 of 20
Answer Stats
Person Language % Correct
Alfred Nobel Swedish
92%
Genghis Khan Mongolian
85%
Bruce Lee Cantonese
83%
Pope Francis Spanish
83%
Joseph Stalin Georgian
79%
Martin Van Buren Dutch
78%
Muhammad Ali English
77%
Ferdinand Magellan Portuguese
75%
Frédéric Chopin Polish
72%
Cleopatra Greek
71%
Edward III of England French
70%
Napoleon Corsican
68%
Nelson Mandela Xhosa
66%
Mother Teresa Albanian
63%
Jesus Aramaic
61%
Dalai Lama (Tenzin Gyatso) Mandarin
49%
Christopher Columbus Ligurian
45%
Mahatma Gandhi Gujarati
42%
Sitting Bull Lakota
30%
Irving Berlin Yiddish
24%
No matching quizzes found
Score Distribution
Percent of People with Each Score
Percentile by Number Answered
Your Score History
You have not taken this quiz